• 首页
  • 本馆介绍
  • 公告通知
  • 最新文献
  • 馆藏检索
  • 电子资源
  • 读者导购
  • 参考咨询
  • 我的图书馆
  • 登录
  • 详细信息显示
  • 放入我的书架
  • 预约/预借图书
  • 作者相关作品
  • 分类相关作品
  • 丛书相关作品
  • 出版社相关作品

书目信息

  • 表格格式
  • 工作单格式
  • 卡片格式
题名:
课程与文化:一个后现代的检视
    
 
作者: 郝德水著
分册:  
出版信息: 北京   教育科学出版社  2003.01
页数: 442页
开本: 32开
丛书名:
单 册:
中图分类: G423.04
科图分类:
主题词: 教学理论
电子资源:
ISBN: 7-5041-2363-3
000 00466Pam2 2200181 45
001 JMS0005497
005 20070727172858.28
010    @a7-5041-2363-3@dCNY22.00
100    @a20030410d2003 ekmy1chiy0120 ea
101 0  @achi
102    @aCN@b110000
200  1 @a课程与文化:一个后现代的检视@f郝德水著
210    @a北京@c教育科学出版社@d2003.01
215    @a442页@d32开
606 0  @a教学理论
690    @aG423.04@v3
801  0 @bTSSF@c20070727
905    @a10447@dG423.04@e200
    
    课程与文化:一个后现代的检视/郝德水著.-北京:教育科学出版社,2003.01
    442页;32开
    
    
    ISBN 7-5041-2363-3:CNY22.00
    
●
相关链接 在E读中查询图书 在五车中查询图书 在当当中查询图书 在豆瓣中查询图书


正题名:课程与文化:一个后现代的检视     索取号:G423.04/200         预约/预借

序号 登录号 条形码 馆藏地/架位号 状态 备注
1 0783847   207838474   第四借阅区/ [索取号:G423.04/200] 在馆    
2 0783848   207838483   第四借阅区/ [索取号:G423.04/200] 在馆    
3 0783849   207838492   第四借阅区/ [索取号:G423.04/200] 在馆    
4 0783850   207838508   第四借阅区/ [索取号:G423.04/200] 在馆    
5 0785027   207850271   第四借阅区/ [索取号:G423.04/200] 在馆    
唐山师范学院图书馆 欢迎您!
大连网信软件有限公司© 版权所有